Responses for Show #7458 - Wednesday, February 1, 2017

Lisa Schlitt game 4.

Contestants

[<< previous game]

Amanda Harvey, an arts administrator from Newton, Massachusetts

Julie Bradlow, a corporate tax attorney from Charlotte, North Carolina

Lisa Schlitt, a microbiologist from Berwyn, Pennsylvania (whose 3-day cash winnings total $64,200)

[next game >>]

Jeopardy! Round responses

PULITZER PRIZE JOURNALISM
COUNTRY MUSIC ALBUMS
ANIMALS IN FRENCH
WRITING
ANNUAL EVENTS
"BOO"!
    $200 21
Harrisburg

Julie
    $200 26
Garth Brooks

Amanda
    $200 1
cat and dog

Amanda
    $200 16
right-to-left

Lisa
    $200 11
Earth Day

Amanda
    $200 6
a boor

Julie
    $400 22
Ebola

Lisa
    $400 27
(Amanda: Who is Reba McEntire?)

Willie Nelson

Amanda
Triple Stumper
    $400 2
the wolf

Julie
    $400 17
cursive

Lisa
    $400 12
February

Julie
    $400 7
booty

Amanda
    $600 23
the flag raising of Iwo Jima

Lisa
    $600 28
San Quentin and Folsom

Julie
    $600 3
duck

Amanda
    $600 18
minuscule

Julie
    $600 13
pie

Amanda
    $600 8
boosters

Lisa
    $800 24
lynching

Amanda
    $800 29
Carrie Underwood

Amanda
    $800 4
a sheep

Lisa
    $800 19
a mirror

Lisa
    $800 14
New Year's Eve

Julie
    $800 9
a boon

Amanda
    $1000 25
the subduction earthquake fault

Lisa
    $1000 30
O Brother, Where Art Thou?

Julie
    $1000 5
a blackbird

Lisa
    $1,000 20
dyslexia

Lisa
    $1000 15
Esther

Lisa
    $1000 10
Boolean

Lisa

Scores at the first commercial break (after clue 15):

Lisa Julie Amanda
$4,400 $1,800 $2,800

Scores at the end of the Jeopardy! Round:

Lisa Julie Amanda
$8,800 $4,200 $4,200

Double Jeopardy! Round responses

GOOD FELLERS
CAPE FEAR
THE KING OF COMEDY
HEAT
CASINO
(Alex: And what's the common thread?...)
DE NERO
    $400 18
George Washington

Lisa
    $400 11
(Lisa: What is Tierra del Fuego?)
(Amanda: What is the Cape of Good Hope?)

Cape Horn

LisaAmanda
Triple Stumper
    $400 16
Colbert

Amanda
    $400 3
guns blazing

Lisa
    $400 1
[Julie selected the first clue.]

Monaco

Julie
    $400 9
Christians

Lisa
    $800 19
Paul Bunyan

Amanda
    $800 12
North Carolina

Lisa
    $800 17
Gene Wilder

Lisa
    $800 4
gimme swelter

Lisa
    $800 2
the pit boss

Lisa
    $800 15
a lyre

Lisa
    $2,500 20
the Tin Man

Amanda
    $1200 13
needles

Amanda
    $1200 23
Eddie Murphy

Lisa
    $1,000 5
[Lisa does not respond]
(Alex: And I'm wearing one of them. [*].)

thermal

Lisa
    $1200 8
Davenport

Triple Stumper
    $1200 27
the Senate

Julie
    $1600 21
Ali Baba

Lisa
    $1600 14
Point Barrow

Triple Stumper
    $1600 24
(Lisa: Who is Mitch Hedberg?)

George Carlin

LisaJulie
    $1600 6
en fuego

Amanda
    $1600 10
the burn

Triple Stumper
    $1600 28
(Lisa: Who are the centurions?)

the Praetorians

Lisa
Triple Stumper
    $2000 22
Ernest Hemingway

Triple Stumper
    $2000 29
the Western Sahara

Lisa
    $2000 25
(Alex: Less than a minute now.)

Jerry Lewis

Triple Stumper
    $2000 7
(Julie: What is feverish?)

fevered (or febrile)

JulieAmanda
    $2000 26
(Julie: What is roulette?)

the craps tables

Julie
Triple Stumper
    $2000 30
(Julie: Who is Socrates?)
(Amanda: Who is Aeschylus?)

Seneca

JulieAmanda
Triple Stumper

Scores at the end of the Double Jeopardy! Round:

Lisa Julie Amanda
$14,200 $1,400 $10,300

[wagering suggestions for these scores]

Final Jeopardy! Round responses

DUAL-USE TERMS
JulieWhat is a British Invasion
$1,398
AmandaWhat is
$7,499
LisaWhat is a British invasion?
$6,600
a British invasion

Final scores:

Lisa Julie Amanda
$20,800 $2,798 $2,801
4-day champion: $85,000 3rd place: $1,000 2nd place: $2,000

Game dynamics:

Coryat scores:

Lisa Julie Amanda
$15,200 $1,400 $9,000
23 R
(including 1 DD),
4 W
(including 1 DD)
11 R,
3 W
15 R
(including 1 DD),
3 W

Combined Coryat: $25,600

[game clues] [game scores] [suggest correction]

Game tape date: 2016-11-08
The J! Archive is created by fans, for fans. Scraping, republication, monetization, and malicious use prohibited; this site may use cookies and collect identifying information. See terms. The Jeopardy! game show and all elements thereof, including but not limited to copyright and trademark thereto, are the property of Jeopardy Productions, Inc. and are protected under law. This website is not affiliated with, sponsored by, or operated by Jeopardy Productions, Inc. Join the discussion at JBoard.tv.